000 01421nam0a2200337 4500
001 RU\NLR\BIBL_A\011469805
005 20241105195432.0
010 _a9785990905795
021 _aRU
_b2017-61236
_94340
035 _a(RuMoRGB)008999842
035 _a(NLR Aleph) 011469805
090 _a11848776
_c11848776
100 _a20170912d2017 k y0rusy50 ca
101 0 _arus
102 _aRU
105 _aacg z 000zb
200 1 _aМузыка Кайи Саариахо
_e[монография]
_fГалина Схаплок
210 _aМосква
_cКомпозитор
_d2017
215 _a141, [1] с., [4] л. ил., цв. ил., портр.
_cил., ноты
_d24
300 _aНа 4-й с. обл. авт.: Схаплок Г. А., композитор, пианистка, музыковед, к. иск.
320 _aБиблиогр.: с. 127-131 (64 назв.) и в подстроч. примеч.
320 _aСписок произведений Кайи Саариахо: с. 132-140
600 1 _aСаариахо
_bК.
_f1952
_gКайя
_92338534
_3RU\NLR\AUTH\6601621647
686 _aЩ313(4Фн)6-81Саариахо К.А.4,0
_2rubbk
686 1 _aЩ313(4Фн)6-81Саарихо
700 1 _aСхаплок
_bГ. А.
_gГалина Андреевна
702 1 _aСаариахо
_bК.
_f1952-
_gКайя
_4570
942 _cBOOK
980 _aNBR